Spravočnik čechoslovackoj vnešnej torgovli 1990
Enregistré dans:
| Format: | Livre |
|---|---|
| Langue: | russe |
| Publié: |
Praga
Čechoslovackaja torgovo-promyšlennaja palata
1990
|
| Édition: | 1. izd. |
| Tags: |
Pas de tags, Soyez le premier à ajouter un tag!
|
MARC
| LEADER | 00000nam a2200000 4500 | ||
|---|---|---|---|
| 001 | c032720 | ||
| 005 | 20250509082837.3 | ||
| 041 | 0 | |a rus | |
| 044 | |a CZ | ||
| 245 | 1 | 0 | |a Spravočnik čechoslovackoj vnešnej torgovli 1990 |
| 250 | |a 1. izd. | ||
| 264 | 1 | |a Praga |b Čechoslovackaja torgovo-promyšlennaja palata |c 1990 | |
| 300 | |a 189 s. | ||